| 000 | 00518nam a2200157 a 4500 | ||
|---|---|---|---|
| 001 | 000030707 | ||
| 005 | 20200930062449.0 | ||
| 008 | 110526s1929 dr 000 0 spa d | ||
| 040 |
_aDO-SdBNP _bspa _cBNPHU |
||
| 100 | 1 |
_aVelazquez H., Federico _957284 |
|
| 245 | 1 | 3 |
_aLa frontera de la República Dominicana. / _cFederico Velazquez H. |
| 260 |
_aSanto Domingo : _bEditora Progreso, _c1929. |
||
| 300 |
_a72 p. ; _c20 cm. |
||
| 500 | _aIncluye referencias bibliográficas y notas al pie de las páginas | ||
| 049 | _aBNPD | ||
| 999 |
_c30199 _d30199 |
||